Statistiques concernant Pays et capitales mondiales commençant par M

Cliquez ici pour prendre le quiz!

Statistiques générales

  • Ce quiz a été pris 1 767 fois
    (108 depuis la dernière actualisation)
  • Le résultat moyen est 19 sur 36

Statistiques - réponses

pays / capitale% Correct
Monténégro
79%
Madrid
76%
Moldavie
75%
Mongolie
75%
Mexico
74%
Mexique
74%
Madagascar
73%
Maroc
68%
Mauritanie
68%
Monaco
68%
Monaco
68%
Malaisie
67%
Maldives
67%
Mali
67%
Mozambique
67%
Macédoine
65%
Malawi
57%
Maurice
56%
Moscou
53%
Malte
51%
Malé
48%
Montevideo
46%
Maputo
43%
Micronésie
43%
Manille
42%
Manama
41%
Minsk
37%
Managua
36%
Mogadiscio
36%
Mascate
34%
Mbabane
31%
Monrovia
29%
Malabo
27%
Maseru
25%
Moroni
25%
Majuro
22%

Distribution des résultats

Percentile par nombre de réponses

% des personnes avec chaque résultat

Votre développement - résultats

Vous n’avez pas pris ce quiz depuis la dernière actualisation